[Event "Hamburg-ch MB"]
[Site "Hamburg"]
[Date "2019.06.13"]
[Round "6"]
[White "Woynowski, Manfred"]
[Black "Khalaf, Ayman"]
[Result "0-1"]
[WhiteElo "1904"]
[BlackElo "1794"]
[PlyCount "54"]
[EventDate "2019.06.08"]
[EventType "swiss"]
[EventRounds "9"]
[EventCountry "GER"]
[SourceTitle "EXT 2022"]
[Source "ChessBase"]
[SourceDate "2021.10.06"]
[SourceVersion "1"]
[SourceVersionDate "2021.10.06"]
[SourceQuality "1"]

1. c4 e6 2. d4 d5 3. g3 Nf6 4. Bg2 b6 5. Nc3 Bb7 6. Nf3 c5 7. cxd5 Nxd5 8. Nxd5 Qxd5 9. 0-0 Nd7 10. Be3 Rb8 11. dxc5 Bxc5 12. Bxc5 Nxc5 13. b4 Nd7 14. Qa4 Qc6 15. Qb3 Qe4 16. Qb2 0-0 17. Rfd1 Nf6 18. Rd4 Qf5 19. Rad1 Ne4 20. Qa3 a6 21. Qe3 Nf6 22. Ne5 Bxg2 23. Kxg2 Nd5 24. Qe4 Qxe4+ 25. Rxe4 Nc3 26. Rdd4 Nxe4 27. Rxe4 Rfc8 0-1

[Event "Hamburg-ch MB"]
[Site "Hamburg"]
[Date "2019.06.10"]
[Round "3"]
[White "Woynowski, Manfred"]
[Black "Cassens, Erhard Otto"]
[Result "1/2-1/2"]
[WhiteElo "1904"]
[BlackElo "1852"]
[PlyCount "128"]
[EventDate "2019.06.08"]
[EventType "swiss"]
[EventRounds "9"]
[EventCountry "GER"]
[SourceTitle "EXT 2022"]
[Source "ChessBase"]
[SourceDate "2021.10.06"]
[SourceVersion "1"]
[SourceVersionDate "2021.10.06"]
[SourceQuality "1"]

1. c4 f5 2. d4 e6 3. g3 d5 4. Bg2 c6 5. b3 Nf6 6. Nf3 Bb4+ 7. Bd2 Qe7 8. 0-0 Bxd2 9. Nbxd2 0-0 10. Ne5 Nbd7 11. Ndf3 Nxe5 12. Nxe5 Bd7 13. e3 Be8 14. a3 Bh5 15. Qc2 Ng4 16. Nd3 Bg6 17. Nf4 Rac8 18. b4 b5 19. c5 e5 20. Nxg6 hxg6 21. h3 Nh6 22. dxe5 Qxe5 23. a4 a6 24. axb5 axb5 25. Ra6 g5 26. Qd2 Nf7 27. Rd1 Rfd8 28. Bf3 Qc7 29. Qc2 g6 30. Rda1 Qe5 31. Rd1 Qc7 32. Kg2 Ra8 33. Rxa8 Rxa8 34. g4 Qe5 35. Qb3 Rd8 36. Qa2 Qe7 37. Qa6 Ne5 38. Be2 Qd7 39. Rd4 Kg7 40. Qa1 Kh6 41. Qh1 Qe7 42. h4 Kg7 43. gxf5 Rh8 44. fxg6 Nxg6 45. h5 Nh4+ 46. Kf1 Qf6 47. Qg1 Kh6 48. Qh2 Ra8 49. Rd1 Re8 50. Qg3 Nf5 51. Qf3 Rf8 52. Bd3 Ng7 53. Qxf6+ Rxf6 54. e4 d4 55. Be2 Ne6 56. Bg4 d3 57. Rxd3 Nf4 58. Rd6 Kg7 59. e5 Rh6 60. Bf3 Re6 61. Bxc6 Rxe5 62. h6+ Kh7 63. Bxb5 Ne6 64. Bd3+ Kg8 1/2-1/2

[Event "Hamburg-ch Seniors 65+"]
[Site "Hamburg"]
[Date "2018.11.07"]
[Round "8"]
[White "Woynowski, Manfred"]
[Black "Helbing Becker, Roger"]
[Result "1-0"]
[WhiteElo "1874"]
[BlackElo "1724"]
[PlyCount "63"]
[EventDate "2018.10.31"]
[EventType "swiss"]
[EventRounds "9"]
[EventCountry "GER"]
[SourceTitle "CBM 189 Extra"]
[Source "ChessBase"]
[SourceDate "2019.06.03"]
[SourceVersion "1"]
[SourceVersionDate "2019.06.03"]
[SourceQuality "1"]

1. d4 d5 2. Nf3 Nf6 3. c4 e6 4. Nc3 c5 5. cxd5 exd5 6. g3 Nc6 7. Bg2 Be6 8. 0-0 h6 9. e3 Qd7 10. Re1 Be7 11. b3 0-0-0 12. Bb2 Bh3 13. Bh1 Bg4 14. Ne2 h5 15. Rc1 h4 16. dxc5 hxg3 17. Nxg3 Nh5 18. Qd3 Nxg3 19. fxg3 Bxf3 20. Bxf3 Rxh2 21. Kxh2 Rh8+ 22. Kg1 Qh3 23. Bg2 Qxg3 24. Qf5+ Kb8 25. Qf4+ Qxf4 26. exf4 f6 27. Re6 Kc7 28. b4 a6 29. Rce1 Kd7 30. Bxd5 Re8 31. Bxc6+ bxc6 32. Kg2 1-0

[Event "Hamburg-ch Seniors 65+"]
[Site "Hamburg"]
[Date "2018.11.06"]
[Round "7"]
[White "Zippert, Georg"]
[Black "Woynowski, Manfred"]
[Result "1-0"]
[WhiteElo "1861"]
[BlackElo "1874"]
[PlyCount "99"]
[EventDate "2018.10.31"]
[EventType "swiss"]
[EventRounds "9"]
[EventCountry "GER"]
[SourceTitle "CBM 189 Extra"]
[Source "ChessBase"]
[SourceDate "2019.06.03"]
[SourceVersion "1"]
[SourceVersionDate "2019.06.03"]
[SourceQuality "1"]

1. e4 c5 2. Nf3 d6 3. d3 Nc6 4. Be2 Nf6 5. 0-0 g6 6. c3 Bg7 7. h3 0-0 8. Be3 Qc7 9. Nbd2 Rb8 10. Rc1 b6 11. d4 e6 12. Qc2 Bb7 13. Bf4 Qd7 14. Nc4 Ne8 15. dxc5 bxc5 16. Rfd1 e5 17. Nfxe5 Nxe5 18. Nxe5 Bxe5 19. Bxe5 Qe6 20. Bf4 Bxe4 21. Bd3 Bxd3 22. Qxd3 Rxb2 23. Bh6 Ng7 24. a4 Rd8 25. Re1 Qd7 26. Bg5 Re8 27. Rxe8+ Nxe8 28. Re1 Qc6 29. Re7 Rb7 30. Re1 Ng7 31. Bf6 d5 32. Bg5 Ne6 33. Bh6 d4 34. Rc1 c4 35. cxd4 Rc7 36. Qc3 Qd5 37. Rb1 Rc8 38. Rd1 Nc5 39. Qa5 Qd7 40. Qb5 Qxb5 41. axb5 Nd3 42. Ra1 f6 43. Ra6 c3 44. Rc6 Rd8 45. Rxc3 Rxd4 46. Be3 Rd7 47. Bxa7 Kf7 48. b6 Ne5 49. Rc7 Ke6 50. Rxd7 1-0

[Event "Hamburg-ch Seniors 65+"]
[Site "Hamburg"]
[Date "2018.11.01"]
[Round "2"]
[White "Woynowski, Manfred"]
[Black "Hawranke, Dietrich"]
[Result "0-1"]
[WhiteElo "1874"]
[BlackElo "2110"]
[PlyCount "106"]
[EventDate "2018.10.31"]
[EventType "swiss"]
[EventRounds "9"]
[EventCountry "GER"]
[SourceTitle "CBM 189 Extra"]
[Source "ChessBase"]
[SourceDate "2019.06.03"]
[SourceVersion "1"]
[SourceVersionDate "2019.06.03"]
[SourceQuality "1"]

1. d4 d5 2. Bf4 Nf6 3. e3 c6 4. Nf3 Qb6 5. Qc1 g6 6. h3 Bg7 7. c4 0-0 8. Nc3 Bf5 9. Be2 dxc4 10. Bxc4 Nbd7 11. 0-0 Ne4 12. Re1 Ndf6 13. Ne5 Rad8 14. f3 Nd6 15. Bb3 Bc8 16. Qd2 Qa5 17. Rad1 e6 18. Nd5 Qxd2 19. Nxf6+ Bxf6 20. Rxd2 Kg7 21. Ng4 g5 22. Nxf6 Kxf6 23. Bg3 Nf5 24. Be5+ Ke7 25. e4 Nd6 26. Red1 f6 27. Bg3 b6 28. e5 fxe5 29. Bxe5 Nf5 30. Bb8 Rd7 31. g4 Ne3 32. Re1 Nd5 33. Rde2 Rf6 34. Kg2 Ba6 35. Rd2 Rf8 36. Bg3 c5 37. Kf2 c4 38. Bc2 Bb7 39. Bxh7 Nb4 40. Be4 Nd3+ 41. Bxd3 Rxf3+ 42. Ke2 Rxg3 43. Bxc4 Rxh3 44. Kd1 Bf3+ 45. Be2 Bd5 46. b3 Rc7 47. Rc2 Rhc3 48. Rxc3 Rxc3 49. Kd2 Rg3 50. Bd1 Rg2+ 51. Kc3 Rxa2 52. Bc2 b5 53. Bd1 a5 0-1

[Event "Blankenese op 2nd"]
[Site "Hamburg"]
[Date "2018.09.30"]
[Round "3.23"]
[White "Bode, Heinrich"]
[Black "Woynowski, Manfred"]
[Result "0-1"]
[WhiteElo "1721"]
[BlackElo "1874"]
[PlyCount "74"]
[EventDate "2018.09.29"]
[EventType "swiss"]
[EventRounds "7"]
[EventCountry "GER"]
[SourceTitle "EXT 2020"]
[Source "ChessBase"]
[SourceDate "2019.10.17"]
[SourceVersion "1"]
[SourceVersionDate "2019.10.17"]
[SourceQuality "1"]

1. e4 c5 2. d4 cxd4 3. c3 dxc3 4. Nxc3 Nc6 5. Nf3 d6 6. Bc4 e6 7. 0-0 Nf6 8. Re1 Be7 9. Bf4 0-0 10. e5 dxe5 11. Nxe5 Nxe5 12. Bxe5 Bd7 13. Nb5 Bxb5 14. Bxb5 Qxd1 15. Rexd1 Rfd8 16. Bd4 Nd5 17. Rac1 a6 18. Be2 Rac8 19. Kf1 Bg5 20. Rxc8 Rxc8 21. Bf3 Rd8 22. g3 f6 23. h4 Bh6 24. Bb6 Rd7 25. Bd4 f5 26. Ke2 g6 27. Bxd5 Rxd5 28. Be3 Rxd1 29. Kxd1 Bxe3 30. fxe3 e5 31. Kc2 Kf7 32. Kb3 Ke6 33. Kc3 Kd6 34. b4 b5 35. Kb3 Kd5 36. a4 Ke4 37. axb5 axb5 0-1

[Event "Hamburg-chT Landesliga 1718"]
[Site "Hamburg"]
[Date "2018.04.22"]
[Round "9.8"]
[White "Limbach, Torsten"]
[Black "Woynowski, Manfred"]
[Result "1-0"]
[WhiteElo "1960"]
[BlackElo "1897"]
[PlyCount "65"]
[EventDate "2017.10.08"]
[EventType "team-tourn"]
[EventRounds "9"]
[EventCountry "GER"]
[SourceTitle "EXT 2021"]
[Source "ChessBase"]
[SourceDate "2020.10.23"]
[SourceVersion "1"]
[SourceVersionDate "2020.10.23"]
[SourceQuality "1"]
[WhiteTeam "Grosshansdorf"]
[BlackTeam "St Pauli II"]
[WhiteTeamCountry "GER"]
[BlackTeamCountry "GER"]

1. c4 Nf6 2. g3 c5 3. Bg2 Nc6 4. Nc3 g6 5. a3 Bg7 6. Rb1 a5 7. Nh3 0-0 8. Nf4 d6 9. 0-0 Bd7 10. d3 Rb8 11. Bd2 Nd4 12. b4 axb4 13. axb4 b6 14. b5 Ne6 15. Ra1 Nxf4 16. Bxf4 Ne8 17. Bd2 Nc7 18. Ra7 Bxc3 19. Bxc3 d5 20. Be5 Rc8 21. Bxc7 Rxc7 22. Rxc7 Qxc7 23. Bxd5 Qd6 24. Bg2 Rd8 25. Qa1 Bg4 26. Re1 e5 27. Bd5 Be6 28. e4 Bg4 29. f3 Be6 30. Qa7 Rd7 31. Qa8+ Rd8 32. Qc6 Bxd5 33. cxd5 1-0

[Event "Blankenese op 1st"]
[Site "Hamburg"]
[Date "2017.10.03"]
[Round "4.31"]
[White "Woynowski, Manfred"]
[Black "Bahr, Arne"]
[Result "1-0"]
[WhiteElo "1852"]
[BlackElo "1600"]
[PlyCount "61"]
[EventDate "2017.09.30"]
[EventType "swiss"]
[EventRounds "7"]
[EventCountry "GER"]
[SourceTitle "EXT 2020"]
[Source "ChessBase"]
[SourceDate "2019.10.17"]
[SourceVersion "1"]
[SourceVersionDate "2019.10.17"]
[SourceQuality "1"]

1. d4 g6 2. Nf3 Bg7 3. c3 d5 4. Bf4 Nf6 5. e3 Nbd7 6. h3 0-0 7. Be2 c6 8. 0-0 Re8 9. Nbd2 h6 10. Ne5 Nxe5 11. Bxe5 Nd7 12. Bxg7 Kxg7 13. c4 Nf6 14. Rc1 e5 15. dxe5 Rxe5 16. Nf3 Re7 17. Qb3 Be6 18. Rfd1 Qb6 19. Qa3 Rae8 20. c5 Qc7 21. Qxa7 Bc8 22. Qa3 Ne4 23. b4 Kg8 24. Qb2 Nxf2 25. Kxf2 Rxe3 26. Rd2 Qf4 27. Rc3 d4 28. Rcd3 Bf5 29. Qxd4 Rxe2+ 30. Rxe2 Rxe2+ 31. Kxe2 1-0

[Event "Blankenese op 1st"]
[Site "Hamburg"]
[Date "2017.10.03"]
[Round "2.30"]
[White "Woynowski, Manfred"]
[Black "Spreer, Lutz"]
[Result "0-1"]
[WhiteElo "1852"]
[BlackElo "1556"]
[PlyCount "108"]
[EventDate "2017.09.30"]
[EventType "swiss"]
[EventRounds "7"]
[EventCountry "GER"]
[SourceTitle "EXT 2020"]
[Source "ChessBase"]
[SourceDate "2019.10.17"]
[SourceVersion "1"]
[SourceVersionDate "2019.10.17"]
[SourceQuality "1"]

1. d4 b6 2. Nf3 e6 3. g3 Bb7 4. Bg2 Nf6 5. c4 Bb4+ 6. Nc3 0-0 7. 0-0 d6 8. Qb3 a5 9. a3 Bxc3 10. Qxc3 Nbd7 11. b3 Ne4 12. Qc2 f5 13. Ng5 Nxg5 14. Bxb7 Rb8 15. Bg2 e5 16. dxe5 dxe5 17. Rd1 f4 18. Bb2 Qe7 19. Rd5 c6 20. Rd2 Qe6 21. Rad1 Nf6 22. Rd6 Nh3+ 23. Kf1 Qg4 24. Bf3 Qg5 25. Kg2 Ng4 26. Bxg4 Qxg4 27. f3 Qh5 28. Bxe5 Nf2 29. Bxf4 Nxd1 30. Qxd1 Rbc8 31. g4 Qc5 32. Bc1 Rce8 33. e4 Re7 34. Qd3 Ref7 35. f4 Rf6 36. Rd7 Rh6 37. f5 Rhf6 38. Bb2 R6f7 39. Rd6 b5 40. cxb5 Qxb5 41. Qc2 c5 42. Rd5 Rb7 43. Bd4 Qxb3 44. Qxb3 Rxb3 45. Bxc5 Re8 46. e5 Rb5 47. a4 Rb2+ 48. Kg3 Ra2 49. Bb6 Rb8 50. Bxa5 Rb3+ 51. Kf4 Rxa4+ 52. Kg5 h6+ 53. Kh4 Ra2 54. Rd2 Raa3 0-1

[Event "Hamburg-chT Landesliga 1011"]
[Site "Hamburg"]
[Date "2011.04.16"]
[Round "8.7"]
[White "Felten, Joachim"]
[Black "Woynowski, Manfred"]
[Result "1/2-1/2"]
[WhiteElo "2106"]
[BlackElo "1953"]
[PlyCount "80"]
[EventDate "2010.10.10"]
[EventType "team-tourn"]
[EventRounds "9"]
[EventCountry "GER"]
[SourceTitle "EXT 2022"]
[Source "ChessBase"]
[SourceDate "2021.10.06"]
[SourceVersion "1"]
[SourceVersionDate "2021.10.06"]
[SourceQuality "1"]
[WhiteTeam "Grosshansdorf"]
[BlackTeam "St Pauli II"]
[WhiteTeamCountry "GER"]
[BlackTeamCountry "GER"]

1. e4 c5 2. Nf3 d6 3. d4 cxd4 4. Nxd4 Nf6 5. Nc3 a6 6. Be3 Qc7 7. f3 e5 8. Nb3 Be6 9. Qd2 Nbd7 10. 0-0-0 Be7 11. g4 h6 12. h4 Rc8 13. Kb1 b5 14. Be2 b4 15. Nd5 Bxd5 16. exd5 a5 17. Bb5 Rb8 18. Bc6 Kf8 19. Qe2 Nc5 20. Bxc5 dxc5 21. Qa6 Qd6 22. Nxa5 Qc7 23. Nb3 Rb6 24. Qc4 Qd6 25. Rc1 g6 26. h5 g5 27. Qd3 Kg7 28. Rhe1 Rd8 29. Rcd1 Qc7 30. Qc4 Nd7 31. Qe4 Bd6 32. Nd2 Ra6 33. Bb5 Rxa2 34. Bxd7 Qa7 35. Nb3 Ra8 36. Kc1 Qxd7 37. Qc4 Qe7 38. Re4 Qf6 39. Rf1 Rc8 40. Kb1 Rca8 1/2-1/2

[Event "Pinneberg-ch"]
[Site "Pinneberg"]
[Date "2009.10.01"]
[Round "6"]
[White "Woynowski, Manfred"]
[Black "Griwenka, Volker"]
[Result "1/2-1/2"]
[WhiteElo "2030"]
[BlackElo "1941"]
[PlyCount "23"]
[EventDate "2009.08.27"]
[EventType "swiss"]
[EventRounds "7"]
[EventCountry "GER"]
[SourceTitle "EXT 2012"]
[Source "ChessBase"]
[SourceDate "2011.11.24"]
[SourceVersion "1"]
[SourceVersionDate "2011.11.24"]
[SourceQuality "1"]

1. d4 d5 2. c4 c6 3. Nf3 Nf6 4. Bf4 e6 5. e3 Nbd7 6. Nc3 Be7 7. h3 0-0 8. Qc2 Qa5 9. Bd3 dxc4 10. Bxc4 Nd5 11. 0-0 Nxf4 12. exf4 1/2-1/2

[Event "Pinneberg-ch"]
[Site "Pinneberg"]
[Date "2008.09.11"]
[Round "3"]
[White "Woynowski, Manfred"]
[Black "Bongartz, Florian"]
[Result "1-0"]
[WhiteElo "1973"]
[BlackElo "1644"]
[PlyCount "73"]
[EventDate "2008.08.28"]
[EventType "swiss"]
[EventRounds "7"]
[EventCountry "GER"]
[SourceTitle "EXT 2011"]
[Source "ChessBase"]
[SourceDate "2010.11.26"]
[SourceVersion "1"]
[SourceVersionDate "2010.11.26"]
[SourceQuality "1"]

1. d4 e6 2. c4 Bb4+ 3. Bd2 Bxd2+ 4. Qxd2 Nf6 5. Nc3 d5 6. e3 0-0 7. Nf3 c6 8. Rc1 Nbd7 9. Bd3 Ne8 10. Qc2 f5 11. cxd5 cxd5 12. b4 g6 13. a3 Nd6 14. Nb5 Nxb5 15. Bxb5 a6 16. Bxd7 Bxd7 17. 0-0 Rc8 18. Qb2 Bb5 19. Rxc8 Qxc8 20. Rc1 Bc4 21. Ne5 b5 22. a4 Qb7 23. axb5 axb5 24. Ra1 Ra8 25. Rxa8+ Qxa8 26. h3 Kg7 27. Nd7 Kf7 28. f3 Ke7 29. Nc5 Kd6 30. Kh2 Ke7 31. Qf2 Qb8+ 32. Kh1 g5 33. h4 h6 34. Kg1 Kf7 35. Qe1 e5 36. hxg5 hxg5 37. Qg3 1-0

[Event "Pinneberg-ch"]
[Site "Pinneberg"]
[Date "2008.09.04"]
[Round "2"]
[White "Freitag, Roland"]
[Black "Woynowski, Manfred"]
[Result "1/2-1/2"]
[WhiteElo "2245"]
[BlackElo "1973"]
[PlyCount "50"]
[EventDate "2008.08.28"]
[EventType "swiss"]
[EventRounds "7"]
[EventCountry "GER"]
[SourceTitle "EXT 2011"]
[Source "ChessBase"]
[SourceDate "2010.11.26"]
[SourceVersion "1"]
[SourceVersionDate "2010.11.26"]
[SourceQuality "1"]

1. b3 e5 2. Bb2 f6 3. e3 d5 4. d4 exd4 5. exd4 Bf5 6. Bd3 Bxd3 7. Qxd3 c6 8. Ne2 Bd6 9. 0-0 Ne7 10. c4 dxc4 11. bxc4 0-0 12. Nbc3 Qd7 13. Ne4 Na6 14. Nxd6 Qxd6 15. Ba3 Qd7 16. Rab1 Rfe8 17. Rfd1 Rad8 18. Ng3 b6 19. Qf3 b5 20. Bxe7 Rxe7 21. cxb5 cxb5 22. Nf5 Re6 23. h3 Nc7 24. Rbc1 Nd5 25. Rc5 b4 1/2-1/2

[Event "Vienna op-A 15th"]
[Site "Vienna"]
[Date "2006.08.03"]
[Round "6"]
[White "Kren, Andreas"]
[Black "Woynowski, Manfred"]
[Result "1-0"]
[WhiteElo "2149"]
[BlackElo "2003"]
[PlyCount "47"]
[EventDate "2006.07.29"]
[EventType "swiss"]
[EventRounds "9"]
[EventCountry "AUT"]
[SourceTitle "CBM 113 Extra"]
[Source "ChessBase"]
[SourceDate "2006.09.14"]
[SourceVersion "1"]
[SourceVersionDate "2006.09.14"]
[SourceQuality "1"]

1. Nf3 c5 2. c3 d5 3. d4 cxd4 4. cxd4 Nc6 5. Bf4 Bf5 6. e3 e6 7. Be2 Bd6 8. Bg3 f6 9. 0-0 g5 10. Nc3 Nge7 11. Nd2 Bg6 12. Qa4 Bxg3 13. hxg3 h5 14. Rad1 Kf7 15. e4 h4 16. gxh4 Rxh4 17. g3 Rh6 18. Bf3 Qd7 19. Bg2 Rah8 20. f4 Kg7 21. f5 Bf7 22. g4 Qd6 23. e5 fxe5 24. f6+ 1-0

[Event "Vienna op-A 15th"]
[Site "Vienna"]
[Date "2006.08.02"]
[Round "5"]
[White "Woynowski, Manfred"]
[Black "Jongsma, Wietze"]
[Result "0-1"]
[WhiteElo "2003"]
[BlackElo "2111"]
[PlyCount "38"]
[EventDate "2006.07.29"]
[EventType "swiss"]
[EventRounds "9"]
[EventCountry "AUT"]
[SourceTitle "CBM 113 Extra"]
[Source "ChessBase"]
[SourceDate "2006.09.14"]
[SourceVersion "1"]
[SourceVersionDate "2006.09.14"]
[SourceQuality "1"]

1. e4 c5 2. Nf3 Nc6 3. c4 e5 4. Nc3 d6 5. h3 f5 6. exf5 Bxf5 7. d3 Nf6 8. Bg5 Be7 9. Be2 0-0 10. Qd2 Nd4 11. Bxf6 Bxf6 12. Nd5 Nxe2 13. Qxe2 e4 14. dxe4 Bxe4 15. 0-0 Bxf3 16. gxf3 Be5 17. Qe3 Qh4 18. Kg2 Rae8 19. Qe4 Bf4 0-1

[Event "Vienna op-A 15th"]
[Site "Vienna"]
[Date "2006.07.29"]
[Round "1"]
[White "Woynowski, Manfred"]
[Black "Herbold, Manfred"]
[Result "0-1"]
[WhiteElo "2003"]
[BlackElo "2197"]
[PlyCount "50"]
[EventDate "2006.07.29"]
[EventType "swiss"]
[EventRounds "9"]
[EventCountry "AUT"]
[SourceTitle "CBM 113 Extra"]
[Source "ChessBase"]
[SourceDate "2006.09.14"]
[SourceVersion "1"]
[SourceVersionDate "2006.09.14"]
[SourceQuality "1"]

1. d4 g6 2. c4 Bg7 3. Nf3 f5 4. Nc3 Nf6 5. g3 0-0 6. Bg2 d6 7. b3 a5 8. Bb2 Qe8 9. Qc2 Na6 10. a3 e5 11. e3 c6 12. 0-0-0 e4 13. Nd2 d5 14. c5 Be6 15. f4 b6 16. cxb6 Nd7 17. Na4 c5 18. b7 Ra7 19. Bf1 cxd4 20. Bxd4 Bxd4 21. exd4 Qb8 22. Qc6 Nc7 23. Nb6 Qxb7 24. Qxb7 Rxb7 25. Nxd7 Bxd7 0-1

[Event "Pinneberg-ch"]
[Site "Pinneberg"]
[Date "2005.08.11"]
[Round "1"]
[White "Woynowski, Manfred"]
[Black "Zimmermann, Manfred"]
[Result "0-1"]
[WhiteElo "2067"]
[BlackElo "1634"]
[PlyCount "86"]
[EventDate "2005.08.11"]
[EventType "swiss"]
[EventRounds "7"]
[EventCountry "GER"]
[SourceTitle "EXT 2006"]
[Source "ChessBase"]
[SourceDate "2005.11.24"]
[SourceVersion "1"]
[SourceVersionDate "2005.11.24"]
[SourceQuality "1"]

1. d4 Nf6 2. c4 g6 3. Nc3 Bg7 4. e4 d6 5. f3 0-0 6. Be3 e5 7. d5 Nh5 8. g4 Nf6 9. Qd2 Nbd7 10. Nge2 b6 11. Ng3 Kh8 12. Bh6 Bxh6 13. Qxh6 Ng8 14. Qd2 Kg7 15. 0-0-0 a5 16. Bd3 Nc5 17. h4 h6 18. Kb1 Ne7 19. b3 Bd7 20. Bc2 Qe8 21. Rdg1 b5 22. cxb5 Bxb5 23. f4 a4 24. b4 Nb7 25. f5 Ng8 26. g5 h5 27. Rh2 c5 28. dxc6 Bxc6 29. Rf2 Qd7 30. Nd5 Bxd5 31. exd5 Qb5 32. Ka1 Qb6 33. Rgf1 Rac8 34. fxg6 fxg6 35. Ne4 Rxf2 36. Rxf2 Rc4 37. a3 Ne7 38. Qe2 Qd4+ 39. Ka2 Nxd5 40. Bd3 Rc1 41. Qb2 Nc3+ 42. Nxc3 Rxc3 43. Rc2 Qd5+ 0-1